Problémy hodnocení vědeckotechnického rozvoje

Guardado en:
Detalles Bibliográficos
Formato: Libro
Lenguaje:checo
Publicado: Praha Ústav pro ekonomiku a řízení vědeckotechnického rozvoje 1982
Etiquetas: Agregar Etiqueta
Sin Etiquetas, Sea el primero en etiquetar este registro!

MARC

LEADER 00000nam a2200000 4500
001 c127874
005 20251111084445.8
041 0 |a cze 
044 |a CZ 
245 1 0 |a Problémy hodnocení vědeckotechnického rozvoje 
264 1 |a Praha  |b Ústav pro ekonomiku a řízení vědeckotechnického rozvoje  |c 1982 
300 |a 167 s.